| 000 | 00951nam a2200241 a 4500 | ||
|---|---|---|---|
| 001 | BRCA_5296 | ||
| 005 | 20190320205024.0 | ||
| 008 | 021210s1960----enkaf#####---#000-0#eng-# | ||
| 041 | _aeng | ||
| 044 | _aenk | ||
| 050 | 4 |
_aNB90 _b.L85 1960 |
|
| 100 | 1 |
_aLullies, Reinhard _913577 |
|
| 245 | 1 | 0 |
_aGreek Sculpture _ctext and notes by Reinhard Lullies ; photographs by Max Hirmer ; translated from the german by Michael Bullock. |
| 260 |
_aLondres _bThames and Hudson _c1960 |
||
| 300 |
_a115 p. _bil., 282 láminas blanco y negro y 10 láminas a color _c31 cm. |
||
| 500 | _aIncluye tabla cronológica, lista de obras publicadas y lista alfabética de localización actual de obras ilustradas | ||
| 500 | _aDonación Dr. Héctor Rivero Borrell Vázquez | ||
| 650 | 1 | 4 |
_aEscultura griega _vCatálogos _xHistoria _913578 |
| 700 | 1 |
_aHirmer, Max _eFotógrafo _913579 |
|
| 700 | 1 |
_aBullock, Michael _eTraductor _913580 |
|
| 902 | _aDHR | ||
| 942 |
_2lcc _cB |
||
| 999 |
_c4990 _d4990 |
||